[Event "Opera Euro Rapid Prelims 2021"]
[Site "Online"]
[Date "2021.02.03"]
[Round "1.1"]
[White "Vachier-Lagrave, Maxime"]
[Black "Dubov, Daniil"]
[Result "1-0"]
[WhiteElo "2784"]
[BlackElo "2710"]
[Annotator "TA"]
[PlyCount "129"]
[EventDate "2021.02.02"]
[EventType "tourn"]
[EventCountry "NET"]
[SourceTitle "playchess.com"]
[Source "ChessBase"]
[SourceQuality "1"]

{[%evp 15,129,16,29,25,31,16,29,28,45,38,37,28,28,28,28,25,28,28,32,29,37,34,33,19,22,14,39,14,14,0,7,7,16,7,80,73,81,59,86,82,100,98,119,119,119,119,119,119,119,119,119,118,117,91,92,97,112,91,113,101,112,98,125,106,145,104,108,111,272,258,295,276,597,594,623,624,1268,1029,1042,32,32,36,73,0,0,0,0,0,0,0,0,0,0,0,0,0,0,0,1095,779,771,771,764,749,723,683,676,615,607,600,29972,29975,29978,29979,29988,29989]} 1. e4 e5 2. Nf3 Nc6 3. Bc4 Nf6 4. d3 Be7 5. O-O d6 6. a4 O-O 7. Re1 Be6 8. a5 a6 9. h3 {C55: Two Knights: 4 d3, 4 d4 exd4 5 e5 and Max Lange Attack.} h6 10. Nbd2 Nh7 11. Nf1 {[#] White has an edge.} Ng5 $146 ({Predecessor:} 11... Bxc4 12. dxc4 Bg5 13. Bxg5 Nxg5 14. c3 Nxf3+ 15. Qxf3 Qh4 16. Qg4 Qxg4 17. hxg4 Rab8 {1-0 (45) Hughes,G (2166)-Beckett,P (1991) ICCF email 2018}) 12. Bxg5 Bxg5 13. Bxe6 fxe6 14. c3 Be7 15. N1h2 Qd7 16. b4 Kh8 17. Ra2 Rad8 18. Rae2 Rf7 19. Re3 Rdf8 20. R1e2 Rf4 21. g3 R4f7 22. Kg2 Bf6 23. Ng4 Qe7 (23... Be7 {feels hotter.} 24. h4 Kg8 25. Qb3 Bf6 26. Rb2 Na7) 24. h4 h5 (24... Qe8 $11) 25. Nxf6 $16 gxf6 26. d4 Rg7 27. Rb2 Qe8 28. dxe5 Nxe5 29. Nxe5 dxe5 30. Rd2 Qg6 31. Rd8 Rgg8 32. Rxf8 Rxf8 {[%mdl 4096] Endgame KQR-KQR} 33. Qd7 Qf7 34. Rd3 (34. Qd2 {seems wilder.} Qe8 35. Rd3 Kg7 36. Qd1 Qg6 37. Rd7+) 34... Kg7 35. f3 (35. c4 {is interesting.} Qxd7 36. Rxd7+ Rf7 37. Rd8 c6 38. Kf3) 35... f5 36. Qxf7+ Rxf7 {KR-KR} 37. c4 Kf6 38. Rd8 Rg7 39. Rf8+ Rf7 40. Rh8 Kg6 41. Rd8 Kf6 $2 {[#]} (41... fxe4 $16 42. fxe4 c6) 42. b5 $1 $18 Rg7 43. Rf8+ Ke7 $2 (43... Rf7 44. Rh8 axb5) 44. Rb8 Kd6 45. Rxb7 axb5 46. cxb5 f4 47. a6 $2 (47. g4 $1 $18) 47... Rxg3+ $14 48. Kf2 {White threatens a7 and mate.} Rh3 $1 49. b6 (49. Rb8 $16 Rh2+ 50. Ke1) 49... cxb6 $11 50. Rxb6+ Kc5 $1 {[%cal Rc5b6]} 51. Rxe6 (51. a7 {is more complex.} Rh2+ 52. Kf1 Ra2 53. Rb7 Kd4 54. Rb4+) 51... Rh2+ 52. Kg1 Ra2 53. Rxe5+ {[%mdl 64] Double Attack} Kd4 $1 {[%cal Rd4e5]} 54. Rxh5 (54. Rb5 {with more complications.} Rxa6 55. Rxh5 Ke3 56. Kg2 Ra2+ 57. Kh3) 54... Ke3 55. Rh6 (55. e5 {seems wilder.} Kxf3 56. e6 Ra1+ 57. Kh2 Ra2+ 58. Kh3) 55... Kxf3 56. h5 {Hoping for Rb6.} Kxe4 $2 {[%mdl 8192]} (56... Ra5 $11) 57. Re6+ Kf5 {[#]} 58. h6 $1 {[%cal Rh6h7][%mdl 512] Threatens to win with h7!} Ra1+ 59. Kf2 Ra2+ 60. Ke1 ({Inferior is} 60. Re2 Rxa6 61. h7 Rh6 $11) 60... Ra1+ 61. Kd2 Ra2+ 62. Kc3 {Black must now prevent Rb6.} Ra1 {[#]} 63. h7 $1 {[%mdl 512] White mates.} Rh1 {[#]} (63... Rc1+ 64. Kd3) 64. a7 $1 {[%mdl 512]} Rh3+ (64... Rc1+ 65. Kd2) 65. Kc4 {Weighted Error Value: White=0.21/Black=0.28} 1-0

[Event "Opera Euro Rapid Prelims 2021"]
[Site "Online"]
[Date "2021.02.03"]
[Round "1.2"]
[White "So, Wesley"]
[Black "Carlsen, Magnus"]
[Result "1-0"]
[WhiteElo "2770"]
[BlackElo "2862"]
[Annotator "TA"]
[PlyCount "105"]
[EventDate "2021.02.02"]
[EventType "tourn"]
[EventCountry "NET"]
[SourceTitle "playchess.com"]
[Source "ChessBase"]
[SourceQuality "1"]

{[%evp 25,105,35,42,31,35,35,31,26,18,18,17,12,29,22,20,16,53,25,48,53,38,49,53,51,59,74,58,29,38,24,25,27,29,31,20,15,25,22,43,-4,31,26,29,27,54,66,60,68,58,52,143,146,152,139,167,152,162,145,273,259,267,267,254,262,253,245,226,104,271,264,6407,6407,6407,6295,6287,5741,6211,6195,2409,1990,1339,1329]} 1. e4 c5 2. Nf3 d6 3. Bb5+ Bd7 4. Bxd7+ Qxd7 5. c4 Nf6 6. Nc3 g6 7. d4 cxd4 8. Nxd4 Bg7 9. f3 O-O 10. Be3 Rc8 11. b3 Nc6 12. O-O Qd8 13. Qd2 Qa5 14. Rfd1 {B52: Sicilian: Moscow Variation with 3...Bd7.} Nd7 15. Nde2 a6 16. a4 {White is slightly better.} e6 17. Rab1 Rd8 18. Bg5 {[#]} Re8 $146 ({Predecessor:} 18... Bf6 19. Bxf6 Nxf6 20. Nd4 Qc5 21. Kh1 Nb4 22. Na2 Rac8 23. Nxb4 {1-0 (23) Kitson,K (2306)-Grobler,D (2234) ICCF email 2015}) 19. Bf4 Nde5 20. h3 Rad8 21. Kh2 (21. Bg5 $5 {[%cal Rg5d8]}) 21... Qb4 22. Bg5 f6 23. Be3 Nf7 24. f4 f5 25. exf5 $1 gxf5 26. Nd4 d5 27. cxd5 exd5 {And now ...Rxe3! would win.} 28. Bg1 Nd6 29. Qd3 (29. Nxd5 Qxd2 30. Rxd2 Bxd4 $19) 29... Ne4 30. Nce2 Nxd4 31. Bxd4 Bxd4 32. Nxd4 Kh8 33. Rbc1 {[%cal Bb1c1,Bc1c2,Bc2c7,Bc7b7][%mdl 32]} (33. Nxf5 Nc3 $15) 33... Qd6 34. Qe3 Ng5 35. Qf2 Ne4 36. Qh4 Rf8 37. Rc2 Qg6 (37... Rf6 $14) 38. Rc7 $16 Rg8 {[%csl Gg8][%cal Rg6g2]} 39. Rg1 Rc8 40. Rxb7 Rc3 {[#] Threatens to win with ...Rg3!} 41. Ne6 $1 {[%mdl 512]} Rc2 (41... Re3 $16 {is a better defense.} 42. Ng5 Nxg5 43. fxg5 Re4) 42. Ng5 $1 $18 {[%cal Rb7h7]} Rg7 43. Rb8+ Rg8 44. Rxg8+ Kxg8 45. Nxe4 dxe4 {[%mdl 4096] Endgame KQR-KQR} 46. Kh1 (46. Qd8+ $18 {is more deadly.} Kg7 47. Qd7+ Qf7 48. Rd1) 46... Kg7 $2 {Loses the game.} (46... Rd2 $16) 47. g4 Kf7 (47... Kf8 48. Qd8+ Qe8 49. Qf6+ Qf7 50. Qd6+ (50. Qxa6 Qxb3 51. Qf6+ Ke8 $14) (50. Qxf5 Qxf5 51. gxf5 Rb2 $11) 50... Qe7 51. Qxa6 e3 52. Qa8+ Qe8 53. Qxe8+ Kxe8) 48. gxf5 {White is clearly winning.} ({Don't go for} 48. Qd8 $2 Qc6 $19) 48... Qxf5 {[#]} 49. Rg5 $1 {[%cal Rg5f5]} Rc1+ 50. Kg2 Rc2+ 51. Kf1 Rc1+ 52. Ke2 Rc2+ 53. Ke1 {Weighted Error Value: White=0.08/Black=0.21} 1-0

[Event "Opera Euro Rapid Prelims 2021"]
[Site "Online"]
[Date "2021.02.03"]
[Round "1.3"]
[White "Aronian, Levon"]
[Black "Ding, Liren"]
[Result "1-0"]
[WhiteElo "2781"]
[BlackElo "2791"]
[Annotator "TA"]
[PlyCount "65"]
[EventDate "2021.02.02"]
[EventType "tourn"]
[EventCountry "NET"]
[SourceTitle "playchess.com"]
[Source "ChessBase"]
[SourceQuality "1"]

{[%evp 17,65,0,0,-25,-14,-24,-36,-27,-24,-28,-35,-62,-37,-43,-56,-70,-87,-150,-150,-140,-139,-140,-139,-135,-137,-129,0,0,16,0,2,0,0,0,142,140,138,145,244,244,2120,1937,1198,287,264,0,1001,95,1214,1188]} 1. e4 c5 2. Nf3 d6 3. d4 cxd4 4. Nxd4 Nf6 5. Nc3 a6 6. Bc4 e6 7. Be3 b5 8. Bb3 Be7 {outshines the older 8...Bb7.} 9. a3 O-O {[#]} 10. h4 $146 {B86: Sicilian Scheveningen/Najdorf: 6 Bc4, without early ...b5.} ({Predecessor:} 10. Qe2 Bb7 11. f3 Nc6 12. O-O-O Na5 13. h4 Rc8 14. Kb1 Rxc3 15. bxc3 Qc7 16. g4 Nd7 17. g5 Ne5 18. h5 Nec4 {1-0 (40) Aronian,L (2781)-Giri,A (2764) chess24.com INT 2020}) 10... Bb7 11. h5 h6 ({But not} 11... Nxe4 $6 12. Nxe4 Bxe4 13. Qg4 $14) 12. f3 {Black is slightly better.} Nc6 13. Qe2 Na5 14. g4 Rc8 15. g5 hxg5 16. h6 {[#] Black must now prevent hxg7.} g6 17. h7+ (17. Bxe6 $142 fxe6 18. Nxe6 {[%mdl 64] Double Attack}) 17... Kh8 $17 18. Bxe6 fxe6 19. Nxe6 Qd7 20. Nxf8 Bxf8 21. O-O-O Rxc3 22. bxc3 $11 Qe6 23. Bxg5 Nh5 {[#]} 24. Rxh5 $1 gxh5 25. e5 {Bf6+ is the strong threat.} Kxh7 ({Much weaker is} 25... Qxe5 $6 26. Qxe5+ dxe5 27. Rd8 $16) (25... Bc8 $11 {remains equal.}) 26. Qd3+ $16 Qg6 {aiming for ...Qxd3.} 27. exd6 Bxd6 (27... Bc6 $16) 28. Qxd6 $18 Qxg5+ $2 (28... Qxd6 29. Rxd6 Bxf3) 29. f4 Qg7 30. Qd3+ $2 (30. Qe6 Bc6 31. Rd8 Qg1+ 32. Kb2 Nc4+ 33. Ka2) 30... Kh6 31. Qd6+ $2 (31. Qd8 Nc4 32. Re1) 31... Kh7 32. Qd8 $2 (32. Qe6 $18 {Intending Qf5+ and mate.} Bc6 33. Rd8 Qg1+ 34. Kb2) 32... Nc6 $2 {[%mdl 8192]} (32... Nb3+ $16 33. Kb1 Nc5) 33. Qe8 {White used his chance.  Weighted Error Value: White=0.88/Black=0.26} 1-0

[Event "Opera Euro Rapid Prelims 2021"]
[Site "Online"]
[Date "2021.02.03"]
[Round "1.4"]
[White "Bluebaum, Matthias"]
[Black "Radjabov, Teimour"]
[Result "1/2-1/2"]
[WhiteElo "2670"]
[BlackElo "2765"]
[Annotator "TA"]
[PlyCount "157"]
[EventDate "2021.02.02"]
[EventType "tourn"]
[EventCountry "NET"]
[SourceTitle "playchess.com"]
[Source "ChessBase"]
[SourceQuality "1"]

{[%evp 13,157,16,62,58,69,34,48,35,47,20,43,8,32,24,28,21,35,34,35,39,51,28,40,21,34,35,36,22,16,0,0,-65,-64,-65,-66,-54,-51,-43,0,0,0,0,0,0,0,0,0,0,0,0,0,0,0,0,0,0,0,0,0,0,0,0,0,0,10,0,0,-8,0,0,0,0,0,0,0,0,0,0,0,0,0,0,0,0,0,0,0,0,0,0,0,0,0,0,0,0,0,0,0,0,0,0,0,0,0,0,0,0,0,0,0,0,0,0,0,0,0,0,0,0,0,0,0,0,0,0,0,0,0,0,0,0,0,0,0,0,0,0,0,0,0,0,0,0,0,0]} 1. d4 Nf6 2. Nf3 e6 3. e3 d5 4. Bd3 c5 5. b3 Nc6 6. O-O Bd6 7. Bb2 Qc7 8. dxc5 $1 {[%mdl 4] now scores much better than the old 8.c4. D05: Colle System with ...e6.} Bxc5 9. c4 dxc4 10. Bxc4 {White is slightly better.} O-O 11. a3 {[#]} Rd8 $146 ({Predecessor:} 11... a6 12. b4 Bd6 13. Nbd2 e5 14. Qb1 Qe7 15. Ng5 Bc7 16. f4 h6 17. Nge4 Ng4 {0-1 (100) Kunin,V (2576)-Kvisvik,B (2304) Helsingor 2015}) 12. Qc2 Be7 13. b4 Bd7 14. Nbd2 Rac8 15. Rac1 Qb8 16. Qb1 h6 17. Nb3 {aiming for b5.} a6 18. h3 Be8 19. Qa1 Na7 20. Be5 Qa8 21. Nbd4 (21. Qb2 {is more complex.} Nc6 22. Bc3 Na7 23. Nbd2 Ba4 24. Be2) 21... Nc6 22. Nxe6 (22. Nxc6 $11 Bxc6 23. Be2) 22... Nxe5 $15 23. Nxe5 {[#]} Rxc4 $1 24. Nxc4 fxe6 25. Qe5 Bf8 26. Qxe6+ {The position is equal.} Bf7 27. Qf5 Rd5 28. Nb6 Rxf5 29. Nxa8 a5 30. Rc8 axb4 31. axb4 Rb5 32. Rb1 Ne8 33. Rd1 Rxb4 34. Rdd8 Be7 35. Rxe8+ Bxe8 36. Rxe8+ $11 {[%mdl 4160] [#] Endgame Double Attack. KRB-KRN} Kf7 37. Rc8 Rb1+ 38. Kh2 Ke6 (38... b5 {seems wilder.} 39. Nb6 b4 40. Nc4 Ke6 41. e4 Kd7) 39. f4 Rb3 40. Rc2 Rxe3 41. Nc7+ Kf7 42. Nd5 Rd3 43. Nxe7 Kxe7 {KR-KR} 44. Rb2 Rd7 45. Kg3 Kd6 46. Kg4 Kc5 47. Rc2+ Kb4 48. Rb2+ Kc4 {Hoping for ...b5.} 49. Rb6 Kc5 50. Rb1 b5 51. Rc1+ Kd5 52. Kf5 b4 53. Kg6 Ke4 {...b3 is the strong threat.} 54. g4 Kxf4 {White must now prevent ...Rd6+.} (54... b3 {looks sharper.} 55. f5 b2 56. Rb1 Rb7 57. h4 Ke5) 55. Rc4+ {[%mdl 64] Double Attack} Kg3 56. Rxb4 Kxh3 57. Rc4 Kg3 58. Rb4 Rc7 59. Ra4 Rb7 60. Rc4 Rb6+ 61. Kxg7 Kh4 62. Kf7 Kg5 63. Ra4 Rb7+ 64. Ke6 Rg7 65. Ra1 Rc7 66. Ra4 Rb7 67. Rc4 Ra7 68. Rb4 Kg6 69. Ke5 Rf7 70. Rb8 Kg5 71. Rg8+ Kh4 72. Rh8 Kxg4 {Strongly threatening ...h5.} 73. Rxh6 Kg5 74. Re6 Rf5+ 75. Kd6 Rf6 76. Ke5 Rf5+ 77. Kd6 Rf6 78. Ke5 Rxe6+ 79. Kxe6 {Weighted Error Value: White=0.06/Black=0.04} 1/2-1/2

[Event "Opera Euro Rapid Prelims 2021"]
[Site "Online"]
[Date "2021.02.03"]
[Round "1.5"]
[White "Shankland, Sam"]
[Black "Vidit, Santosh Gujrathi"]
[Result "1-0"]
[WhiteElo "2691"]
[BlackElo "2726"]
[Annotator "TA"]
[PlyCount "75"]
[EventDate "2021.02.02"]
[EventType "tourn"]
[EventCountry "NET"]
[SourceTitle "playchess.com"]
[Source "ChessBase"]
[SourceQuality "1"]

{[%evp 14,75,16,12,23,24,12,12,19,21,21,11,22,9,13,8,14,16,8,5,18,18,20,15,16,0,0,0,6,0,41,33,45,37,50,45,70,64,84,46,74,27,27,25,31,29,30,-9,29,25,224,221,634,271,508,513,1079,1128,29994,29995,29997,29998,29998,29999]} 1. d4 Nf6 2. c4 e6 3. Nf3 d5 4. Nc3 c5 5. cxd5 cxd4 6. Qxd4 exd5 7. Bg5 Be7 8. e3 O-O {D50: Queen's Gambit Declined: Dutch-Peruvian Gambit.} 9. Qa4 $5 {[%mdl 4] An interesting side line.} h6 10. Bh4 Be6 {The position is equal.} 11. Bd3 Nc6 12. O-O Qb6 {[#]} 13. Ne2 $146 ({Predecessor:} 13. Qb5 Qxb5 14. Nxb5 Rac8 15. Rac1 Rfd8 16. Nbd4 Nxd4 17. Nxd4 a6 18. Rfd1 Rxc1 19. Rxc1 {½-½ (46) Rojicek,V (2450)-Hausner,I (2407) Czechia 2013}) 13... Bd7 14. Qb5 Nb4 15. Qxb6 axb6 16. Bb1 g5 17. Bg3 Ne4 18. Rd1 Ba4 19. Rc1 Rfc8 20. Nc3 Nxc3 21. bxc3 {Threatens to win with Bf5.} Nc6 22. Bf5 Re8 23. Rab1 Ba3 24. Re1 b5 25. h4 gxh4 26. Nxh4 Bf8 27. Bd3 b4 $1 {[%cal Rb4c3]} 28. Rec1 bxc3 29. Rxb7 d4 30. Nf5 dxe3 31. fxe3 Nb4 $2 {Black cannot hold the game after this.} (31... Ne5 $11 {and Black is okay.} 32. Bxe5 (32. Rxc3 $2 Nxd3 33. Rxd3 Bc2 $19) 32... Rxe5) 32. Bc4 $18 ({Wrong is} 32. Rxc3 $2 Nxd3 33. Rxd3 Bc2 $19) 32... Kh8 $2 (32... Bc6 33. Bxf7+ (33. Rxf7 Bd5 $11) 33... Kh7) 33. Rxc3 (33. Be1 $142 Bc6 34. Bxc3+ {[%mdl 64] Double Attack} Kg8 35. Bxf7+ {[%mdl 64] Double Attack} Kh7 36. Rxb4 Bxb4 37. Bxb4) 33... Rac8 $2 (33... Bc6 {was called for.}) 34. Bh4 {[#] Hoping for Bf6+.} Bc6 (34... Rc6 $142 35. Rxf7 Rg6 36. Bf6+ Rxf6 37. Rxf6 Bd7 38. Nxh6 Bc5 39. Nf7+ Kg7) 35. Bf6+ Kh7 36. Rxf7+ {White mates.} Kg6 37. Nh4+ Kh5 38. Be2+ {Weighted Error Value: White=0.19/Black=0.59} 1-0

[Event "Opera Euro Rapid Prelims 2021"]
[Site "Online"]
[Date "2021.02.03"]
[Round "1.6"]
[White "Dominguez Perez, Leinier"]
[Black "Nakamura, Hikaru"]
[Result "1/2-1/2"]
[WhiteElo "2758"]
[BlackElo "2736"]
[Annotator "TA"]
[PlyCount "96"]
[EventDate "2021.02.02"]
[EventType "tourn"]
[EventCountry "NET"]
[SourceTitle "playchess.com"]
[Source "ChessBase"]
[SourceQuality "1"]

{[%evp 9,96,26,28,42,29,29,39,29,37,35,39,33,35,26,27,27,36,44,56,50,55,40,38,44,50,57,118,115,119,121,112,106,127,127,97,94,97,92,100,101,116,106,104,52,49,44,50,47,41,46,39,33,35,42,60,58,60,32,36,36,34,1,32,26,46,32,32,32,51,44,81,47,70,8,8,0,7,0,0,0,0,0,0,0,0,0,0,0,0]} 1. e4 e5 2. Nf3 Nc6 3. Bb5 a6 4. Ba4 g6 5. d4 b5 6. Bb3 {C70: Ruy Lopez: 3...a6 4 Ba4, Norwegian and Delayed Schliemann.} exd4 7. Nxd4 Na5 8. a4 {White is slightly better.} b4 9. Bd5 c6 10. Ba2 Bg7 11. O-O Ne7 12. c3 $40 {[%mdl 128] Black needs to defend precisely.} c5 13. Nb3 {[#] Black must now prevent Nxa5.} Nxb3 $146 ({Predecessor:} 13... Nb7 14. Be3 c4 15. cxb4 cxb3 16. Qxb3 O-O 17. Nc3 d6 18. Rfd1 Be6 19. Qc2 Bxa2 20. Rxa2 Qc8 {0-1 (42) Muzychuk,A (2535)-Khademalsharieh,S (2494) chess.com INT 2020}) 14. Qxb3 {[%csl Ga2][%cal Rb3f7] [#]} O-O 15. cxb4 Rb8 16. b5 Nc6 17. Bf4 Rb6 18. Nc3 Nd4 19. Qd1 axb5 20. axb5 Nxb5 21. Nxb5 Rxb5 22. Bd6 Re8 {[#]} 23. Bc4 $1 {[%cal Rc4b5]} Rxb2 24. Ra8 {Threatens to win with Qd5.} Rb6 25. Qd5 Qf6 26. e5 (26. Bxc5 $16 Rc6 27. Rd1) 26... Qf5 $1 $14 27. f4 ({Don't play} 27. Qxc5 Rc6 $15) 27... Bf8 $1 28. Bxf8 Rxf8 29. Qxc5 Rc6 30. Qd4 Qc2 $1 31. Bd5 Rc3 32. Rd1 {Hoping for Ra2.} Rc7 33. Ra2 (33. h4 {feels hotter.} Bb7 34. Bxf7+ Kg7 35. Ra2 Qe4 36. e6+) 33... Qc5 34. Qxc5 Rxc5 35. g3 Kg7 (35... d6 $5) 36. Ra7 Re8 37. Rd2 h5 38. h4 Kf8 39. Kf2 Ke7 40. Bg2 f6 41. Bh3 ({White should play} 41. Be4 $14) 41... fxe5 $11 {The position is equal.} 42. Bxd7 Bxd7 43. Raxd7+ {[%mdl 4096] Endgame KRR-KRR} Ke6 44. R7d6+ (44. R2d6+ {with more complications.} Kf5 45. Rf7+ Kg4 46. Rxg6+ Kh3 47. Rf5) 44... Kf7 45. Rd7+ Kf6 46. R7d6+ Kf7 47. Rd7+ Kf6 48. R7d6+ Kf7 {Weighted Error Value: White=0.07/Black=0.04} 1/2-1/2

[Event "Opera Euro Rapid Prelims 2021"]
[Site "Online"]
[Date "2021.02.03"]
[Round "1.7"]
[White "Duda, Jan-Krzysztof"]
[Black "Nepomniachtchi, Ian"]
[Result "0-1"]
[WhiteElo "2743"]
[BlackElo "2789"]
[Annotator "TA"]
[PlyCount "118"]
[EventDate "2021.02.02"]
[EventType "tourn"]
[EventCountry "NET"]
[SourceTitle "playchess.com"]
[Source "ChessBase"]
[SourceQuality "1"]

{[%evp 19,118,20,27,0,0,0,10,0,0,0,0,0,0,0,22,21,20,20,20,20,42,24,43,0,29,37,28,33,36,16,67,68,83,77,57,76,76,19,25,18,27,35,46,0,0,0,0,0,0,0,7,11,24,0,0,0,0,0,0,0,0,0,0,0,0,0,0,0,0,0,0,0,0,0,0,0,0,0,0,0,0,0,279,279,260,239,215,215,214,0,72,0,0,-50,-50,-29977,-50,-29997,-29998,-29998,-29999]} 1. d4 Nf6 2. c4 g6 3. Nc3 d5 4. cxd5 Nxd5 5. e4 Nxc3 6. bxc3 Bg7 7. Bc4 c5 8. Ne2 O-O 9. O-O Nc6 10. Be3 b6 11. Qd2 {D87: Exchange Grünfeld: Classical Line: Variations without ...cxd4.} Bb7 12. Rac1 {12.Rfd1 is the fancy move.} Rc8 13. Rfd1 {The position is equal.} e6 14. Bb5 cxd4 15. cxd4 Na5 16. f3 Qe7 17. Bg5 Qa3 18. h4 {[#]} a6 $146 ({Predecessor:} 18... h5 19. Kh1 Kh7 20. Rxc8 Rxc8 21. d5 exd5 22. exd5 a6 23. d6 f6 24. Bd3 fxg5 {1-0 (36) Sjugirov,S (2651)-Korchmar,V (2346) Taganrog 2014}) 19. Bd3 Nc6 20. Bb1 Na5 21. Bd3 Nc6 22. e5 Nb4 23. Bc4 {Be7 is the strong threat.} Rfe8 24. h5 b5 {[#]} (24... Bd5 $1 $11 25. Rc3 Qa5) 25. Rc3 $1 $14 Qa5 26. Bb3 Rxc3 27. Nxc3 Qb6 28. Be3 (28. Kh2 $16) 28... Nd5 $11 29. Nxd5 Bxd5 30. Bxd5 exd5 31. h6 Bf8 32. Rc1 b4 33. Kf2 a5 34. Qc2 Ra8 35. Qa4 Qd8 36. Qc6 a4 37. e6 Ra7 38. exf7+ Kxf7 39. Bf4 Qd7 40. Qb6 Rb7 41. Qa6 b3 42. axb3 {Hoping for Be5.} axb3 43. Be5 {Strongly threatening Qf6+.} Be7 44. Rc6 {Threatens to win with Rf6+!} Ra7 45. Qb6 $1 Rb7 46. Qa6 {aiming for Rf6+!} (46. Rf6+ $2 Ke8 $19) 46... Ra7 47. Qb6 $1 Ra2+ 48. Ke3 {And now Rf6+! would win.} Qf5 {( -> ...Bg5+)} (48... Rxg2 49. Rc7 $14) 49. Rc7 Qg5+ $40 {[%mdl 128] Black has some attack.} ({Much worse is} 49... Rxg2 $6 50. Qxb3 Qg5+ 51. Bf4 $16) 50. Bf4 Qh4 {[%mdl 8192] [#]} (50... Qxg2 $11 {and Black has nothing to worry.} 51. Rxe7+ Kxe7 52. Qd6+ Kf7 53. Qxd5+ Kf6 54. Qe5+ Kf7 55. Qg7+ Ke6 56. Qg8+ Kf6 57. Qh8+ Ke6 58. Qg8+ Kf6 59. Qh8+ Ke6 60. Qg8+) 51. g3 $1 $18 {[%cal Rg3h4]} Qf6 ({And not} 51... Qh2 {[#]} 52. Rxe7+ $1 {[%mdl 512]} Kxe7 53. Qd6+ Ke8 54. Qc6+ Kf7 55. Qd7+ Kf6 56. Be5+ Kg5 57. Qe7+ Kxh6 58. Bf4+ Kh5 59. Qxh7#) 52. Qxb3 {[%mdl 64] Double Attack} Ra5 53. Be5 Qa6 54. Qd3 (54. Qb4 $1 $18 {[%cal Rb4e7]} Ra3+ 55. Kf2 (55. Kf4 $2 {leads to mate.} g5+ {[%mdl 64] Discovered Attack} 56. Kg4 Qe6+ 57. Kh5 Qh3#) 55... Ra2+ 56. Kg1) 54... Qb6 (54... Ra3 $11 55. Rc3 Rxc3 56. Qxc3 Qf1) 55. Kf4 (55. Qc2 $16) 55... Ra2 $11 56. g4 Qb2 $1 {[%cal Rb2h2][%mdl 1024] White must now prevent ...Qh2+. Black has compensation.} 57. Qd1 $2 {[%mdl 8192]} (57. Rxe7+ $15 Kxe7 58. Kg5) 57... Ke6 $2 (57... Qh2+ {mates} 58. Ke3 Ra3+ 59. Qd3 Qg1+ 60. Ke2 Ra2+ 61. Qc2 Qg2+ 62. Kd1 Qxf3+ 63. Kc1 Qf1+ 64. Kd2 Qf2+ 65. Kd1 Qf1+ 66. Kd2 Qf2+ 67. Kd3 Rxc2 68. Rxc2 Qf3+ {[%mdl 64] Double Attack} 69. Kd2 Bg5+ {[%mdl 64] Double Attack} 70. Ke1 Qe3+ 71. Kf1 Qd3+ 72. Re2 Bh4 73. Bg3 Bxg3 74. Kg2 Qxe2+ {[%mdl 64] Double Attack} 75. Kxg3 Ke6 76. Kh3 Kf6 77. g5+ Kxg5 78. Kg3 Kf5 79. Kh3 Kf4 80. Kh4 Qh5#) 58. Qh1 $2 {[%mdl 8192]} (58. Rxe7+ $15 Kxe7 59. Kg5) 58... Qd2+ 59. Kg3 Qf2+ {Weighted Error Value: White=0.37/Black=0.24} 0-1

[Event "Opera Euro Rapid Prelims 2021"]
[Site "Online"]
[Date "2021.02.03"]
[Round "1.8"]
[White "Grischuk, Alexander"]
[Black "Giri, Anish"]
[Result "1/2-1/2"]
[WhiteElo "2777"]
[BlackElo "2764"]
[Annotator "TA"]
[PlyCount "103"]
[EventDate "2021.02.02"]
[EventType "tourn"]
[EventCountry "NET"]
[SourceTitle "playchess.com"]
[Source "ChessBase"]
[SourceQuality "1"]

{[%evp 9,103,-100,-96,-95,-93,-96,-90,-84,-79,-90,-79,-89,-87,-76,-76,-77,-93,-83,-62,-98,-88,-79,-72,-93,-84,-71,-70,-89,-13,-13,-16,-19,-19,-59,-53,-46,-47,-53,-46,-50,-45,-46,-45,-53,-45,-46,-47,-53,-45,-53,-44,-44,-44,-44,-44,-44,-44,-45,-44,-44,-44,-44,-44,-44,-37,-37,0,-37,-37,-39,-39,-45,-39,-45,-45,-45,-41,-41,-39,-45,-39,-45,-45,-45,-45,-45,-45,-45,-45,-45,-37,-37,0,-50,-37,-37]} 1. e4 e5 2. Nf3 Nc6 3. Bb5 Nf6 {[#]} 4. Kf1 $146 (4. O-O Nxe4 5. Re1 Nd6 6. Nxe5 Be7 7. Bf1 Nxe5 8. Rxe5 O-O 9. d4 Bf6 10. Re1 Re8 11. Bf4 Rxe1 12. Qxe1 Ne8 13. c3 d5 14. Bd3 g6 15. Nd2 Ng7 16. Qe2 c6 17. Re1 Bf5 18. Bxf5 Nxf5 {½-½ (49) Grischuk,A (2777)-Giri,A (2764) Chess.com INT 2020}) ({Predecessor:} 4. O-O Nxe4 5. d4 Nd6 6. Bxc6 dxc6 7. dxe5 Nf5 8. Qxd8+ Kxd8 9. h3 Ke8 10. Nc3 h5 11. Bf4 Bb4 12. Ne2 Be6 13. Ned4 Nxd4 14. Nxd4 Bd5 15. a3 Be7 16. Rfe1 g5 17. Bg3 Rh6 18. Rad1 {½-½ (65) Vachier Lagrave,M (2784)-Aronian,L (2781) chess24.com INT 2021}) 4... Nxe4 5. d3 Nf6 6. Bxc6 {C65: Ruy Lopez: Berlin Defence (3...Nf6), unusual lines and 4 0-0 Bc5.} dxc6 7. Nxe5 Bd6 8. Nc4 {Black is better.} Be7 9. Nc3 O-O 10. h3 Nd5 11. Bd2 Be6 12. Kg1 b5 13. Ne3 Bf6 14. Ncxd5 cxd5 15. Bb4 Re8 16. d4 Bg5 17. Qf3 a5 18. Bc5 Bxe3 (18... Ra6 $17) 19. Qxe3 $11 Bf5 20. Qd2 c6 21. Qf4 Bxc2 22. Kh2 Qd7 23. Rhe1 a4 24. Bb4 f6 25. f3 Bg6 26. Rxe8+ Rxe8 27. Re1 Rxe1 28. Bxe1 Qe7 29. Qd2 a3 30. bxa3 Qxa3 31. Qc3 Qd6+ 32. Bg3 Qe6 33. a3 h6 34. Qe1 Qd7 35. Qc3 Kh7 36. Qe3 Bb1 37. Be1 Bg6 38. Bb4 Qc7+ 39. Kg1 Bf5 40. Qe1 Qf4 41. Qd2 Qg3 42. Qf2 Qg5 (42... Qg6 {keeps more tension.} 43. Kh2 Qe8 44. Qe1 Qb8+ 45. Kh1 Qa7) 43. Qd2 Qg6 44. Kh2 Bd3 45. Qf4 Qe8 46. Qc7 Bf1 (46... h5 {is interesting.} 47. Qf4 Bg6 48. Kg3 Qd7 49. Kf2 Bb1) 47. Be7 Qg6 {[%csl Gf1][%cal Rg6g2] [#]} 48. Qg3 Qf7 49. Bb4 Bd3 50. Qd6 Qe8 51. Qc7 Bf5 52. Qe7 {Weighted Error Value: White=0.04/Black=0.08} 1/2-1/2